Memoria histórico-económica sobre el comercio general de España (Record no. 152686)

MARC details
000 -LEADER
campo de control de longitud fija 00856nam a2200169 i 4500
001 - NÚMERO DE CONTROL
campo de control 152686
003 - IDENTIFICADOR DE NÚMERO DE CONTROL
campo de control ES-MaACL
005 - FECHA Y HORA DE LA ÚLTIMA TRANSACCIÓN
campo de control 20250901104614.0
008 - DATOS DE LONGITUD FIJA--INFORMACIÓN GENERAL
campo de control de longitud fija 931025s1841 sp |||| | spa d
100 1# - ENTRADA PRINCIPAL--NOMBRE DE PERSONA
Nombre de persona Bremon y López, Nicolás María.
9 (RLIN) 31569
245 10 - MENCIÓN DEL TÍTULO
Título Memoria histórico-económica sobre el comercio general de España
Resto del título : causas de su decadencia y atraso y medios de mejorarle y elevarle al nivel del de las otras grandes naciones de Europa /
Mención de responsabilidad, etc. premiada por la Sociedad Económica de esta Corte ... y presentada por Nicolas Maria Bremon y Lopez.
260 ## - PUBLICACIÓN, DISTRIBUCIÓN, ETC.
Lugar de publicación, distribución, etc. Madrid :
Nombre del editor, distribuidor, etc. [s.n.],
Fecha de publicación, distribución, etc. 1841 (
Fabricante Imprenta de Miguel de Burgos)
300 ## - DESCRIPCIÓN FÍSICA
Extensión [8], 148 p. ;
Dimensiones 20 cm.
650 #4 - PUNTO DE ACCESO ADICIONAL DE MATERIA--TÉRMINO DE MATERIA
Término de materia o nombre geográfico como elemento de entrada Comercio-
Subdivisión geográfica España-
Subdivisión de forma Historia
9 (RLIN) 11158
852 ## - LOCALIZACIÓN
Ubicación ES-MaACL
Número de control de estantería T-877-F-5
Nota libre -- Enc. hol., conservando la cub. original
-- -- Enc. en un vol. facticio
Holdings
Estatus retirado Estado de pérdida Estado de daño No para préstamo Colección Biblioteca de origen Biblioteca actual Ubicación en estantería Fecha de adquisición Total de préstamos Signatura topográfica completa Código de barras Visto por última vez Precio de reemplazo Tipo de ítem Koha
        Colección de folletos Biblioteca del Ateneo de Madrid Biblioteca del Ateneo de Madrid Depósito folletos 17/01/2008   T-877-F-5 1159456 23/02/2023 23/02/2023 Folleto